Estructura y dialéctica de la personalidad /

Gespeichert in:
Bibliographische Detailangaben
1. Verfasser: Merani, Alberto L. (autor)
Format: Buch
Sprache:Spanisch
Veröffentlicht: México : Grijalbo, 1986, c1986
Schriftenreihe:(Enlace)
Schlagworte:
Tags: Tag hinzufügen
Keine Tags, Fügen Sie das erste Tag hinzu!

MARC

LEADER 00000nam^a2200000^a^4500
001 000266999
005 20250521000000.0
009 20260310110807.995
020 |a 968-419-500-1 
025 |a Donación Luis González Martínez, 1 ejemplar 
037 |a Acervo ITESO - Biblioteca 
041 |a ESP 
082 |a 155. 2  |b MER 
100 |a Merani, Alberto L.  |e (autor) 
245 1 0 |a Estructura y dialéctica de la personalidad /  |c A.L. Merani. 
264 4 |a México :  |b Grijalbo,  |c 1986, c1986 
300 |a 267 p. 
336 |a texto  |b txt  |2 rdacontenido 
337 |a sin mediación  |b n  |2 rdamedio 
338 |a volumen  |b nc  |2 rdasoporte 
440 1 |a (Enlace) 
649 |a XX 
650 |a Personalidad -  |x Tema Principal 
650 |a Psicología Diferencial 
910 |a Fondo Luis González Martínez 
920 |a Impresos - Libros 
930 |a Colección General 
905 |a 139 
901 |a 0500150778  |b IT1  |c ESP  |i D  |u 20250521 
902 |a https://opac.biblio.iteso.mx/vufind/Record/000266999